| 000 | 00000nas 2200000za 4500 |
| 001 | 9.856493 |
| 003 | CaOODSP |
| 005 | 20221107155537 |
| 007 | cr ||||||||||| |
| 008 | 180511d19601984oncar p oss f0###b0fre|d |
| 022 | |y0527-6187 |
| 040 | |aCaOODSP|bfre |
| 041 | |aeng|afre |
| 043 | |an-cn--- |
| 086 | 1 |aCS47-209-PDF |
| 245 | 00|aSigns and displays industry |h[ressource électronique]. |
| 246 | 13|aIndustrie des enseignes et étalages|f1967-1969 |
| 246 | 13|aFabrication d'enseignes et d'étalages |
| 260 | |a[Ottawa] : |bDominion Bureau of Statistics, Industry and Merchandising Division, |c1962-1986. |
| 310 | |aAnnuel |
| 362 | 0 |a1960-1984. |
| 490 | 0 |aAnnual census of manufactures = Recensement annuel des manufactures |
| 500 | |aÉdition numérisée de l’imprimé [par Statistique Canada]. |
| 546 | |aTexte en anglais seulement, 1960-1966; texte en anglais et en français, 1967-1984. |
| 550 | |aPubl. 1961-1964 par la Division de l'industrie; 1965-1969 par la Division des industries manufacturières et primaires; 1970-1978 par Statistique Canada, Division des industries manufacturières et primaires; 1979-1981 par la Section des aliments, des boissons, des textiles et des industries diverses; 1982 par la Section des aliments, des textiles, des produits chimiques et des industries diverses; 1983-1984 par la Section du recensement des manufactures. |
| 580 | |aFait suite après scission à: Miscellaneous industries. |
| 580 | |aFusionné avec: Sporting goods and toy industries; Miscellaneous manufacturing industries; Scientific and professional equipment industries; et, Jewellery and precious metal industries, et devient: Other manufacturing industries. |
| 692 | 07|2gccst|aSignalisation |
| 692 | 07|2gccst|aIndustrie de la fabrication |
| 710 | 1 |aCanada. |bBureau fédéral de la statistique. |bDivision de l'industrie et du commerce. |
| 710 | 1 |aCanada. |bBureau fédéral de la statistique. |bDivision de l'industrie. |
| 710 | 1 |aCanada. |bBureau fédéral de la statistique. |bDivision des industries manufacturières et primaires. |
| 710 | 2 |aCanada. |bStatistique Canada. |bSection des aliments, des boissons, des textiles et des industries diverses. |
| 710 | 1 |aCanada. |bStatistique Canada. |bSection des aliments, des textiles, des produits chimiques et des industries diverses. |
| 710 | 1 |aCanada. |bStatistique Canada. |bSection du recensement des manufactures. |
| 710 | 1 |aCanada. |bStatistique Canada. |bDivision des industries manufacturières et primaires. |
| 785 | 00|tOther manufacturing industries |w(CaOODSP)9.856760 |
| 791 | |tSigns and displays industry |eeng|w(CaOODSP)9.856468 |